Welcome to CU Library Online Public Access Catalogue (OPAC)

CAREER STARTER PACK (Record no. 5612)

MARC details
000 -LEADER
fixed length control field 00394nam a22001337a 4500
005 - DATE AND TIME OF LATEST TRANSACTION
control field 20250430134015.0
008 - FIXED-LENGTH DATA ELEMENTS--GENERAL INFORMATION
fixed length control field 250430b |||||||| |||| 00| 0 eng d
020 ## - INTERNATIONAL STANDARD BOOK NUMBER
International Standard Book Number 9789988849214
050 ## - LIBRARY OF CONGRESS CALL NUMBER
Classification number HF 5381
Item number OCR
245 ## - TITLE STATEMENT
Title CAREER STARTER PACK
Remainder of title FOR STUDENTS, GRADUATES & NEW EMPOLYEES
Statement of responsibility, etc. ALBERT & COMFORT OCRAN
260 ## - PUBLICATION, DISTRIBUTION, ETC.
Place of publication, distribution, etc. ACCRA
Name of publisher, distributor, etc. LEGACY & LEGACY
Date of publication, distribution, etc. c2010
300 ## - PHYSICAL DESCRIPTION
Extent xv;206p;.
942 ## - ADDED ENTRY ELEMENTS (KOHA)
Source of classification or shelving scheme Library of Congress Classification
Koha item type Books
Suppress in OPAC No
999 ## -
-- 5612
-- 5612
Holdings
Withdrawn status Lost status Source of classification or shelving scheme Damaged status Not for loan Collection Home library Current library Shelving location Date acquired Total checkouts Full call number Barcode Date last seen Copy number Price effective from Koha item type Public note
    Library of Congress Classification     Non-fiction Undergraduate Library (Christ Temple) Undergraduate Library (Christ Temple) General stacks 04/30/2025   HF 5381 OCR ulct00002202 04/30/2025 1 04/30/2025 Books  
    Library of Congress Classification     Non-fiction Undergraduate Library (Christ Temple) Undergraduate Library (Christ Temple) General stacks 12/09/2025   HF5381 OCR GSCT00001914 12/09/2025 1 12/09/2025 Books EAQ
    Library of Congress Classification     Non-fiction Undergraduate Library (Christ Temple) Undergraduate Library (Christ Temple) General stacks 12/09/2025   HF5381 OCR GSCT00001915 12/09/2025 2 12/09/2025 Books EAQ
© 2023-2024 Copyright: Central University Libraries. All Rights Reserved | Created by: Mahone Tech Office